If this be love / (Record no. 72186)

MARC details
000 -LEADER
fixed length control field 00665nam a22002297a 4500
005 - DATE AND TIME OF LATEST TRANSACTION
control field 20140812113645.0
010 ## - LCCN (DPL NO)
LC control number ENG-106449
020 ## - INTERNATIONAL STANDARD BOOK NUMBER
International Standard Book Number 9788178359458
Terms of availability 515.00
035 ## - SYSTEM CONTROL NUMBER
System control number EN-89982
035 ## - SYSTEM CONTROL NUMBER
System control number B-529567-571
037 ## - SOURCE OF ACQUISITION
Source of stock number/acquisition DBAD/PUB
037 ## - SOURCE OF ACQUISITION
Source of stock number/acquisition BBB/Ven
Stock number dpl
082 ## - DEWEY DECIMAL CLASSIFICATION NUMBER
Classification number N
100 ## - MAIN ENTRY--PERSONAL NAME
Personal name Mohinder Singh
245 ## - TITLE STATEMENT
Title If this be love /
Statement of responsibility, etc by Mohinder Singh
260 ## - PUBLICATION, DISTRIBUTION, ETC. (IMPRINT)
Place of publication, distribution, etc Delhi
Name of publisher, distributor, etc Kalpaz Publications
Date of publication, distribution, etc 2013
270 ## - ADDRESS
Address C-30, Satyawati Nagar
City Delhi
Postal code 110052
300 ## - PHYSICAL DESCRIPTION
Extent 168p.
Dimensions 22cm(Hb)
500 ## - GENERAL NOTE
General note Includes index
942 ## - ADDED ENTRY ELEMENTS (KOHA)
Source of classification or shelving scheme Dewey Decimal Classification
Item type English Books
Classification part N
Call number suffix MOH
Holdings
Withdrawn status Lost status Not for loan Collection code Home library Current library Date acquired Source of acquisition Cost, normal purchase price Full call number Barcode Copy number Cost, replacement price Koha item type
      Fiction Bawana Bawana 12/08/2014 BBB/IN1449/07.11.2013/28/10.10.2013/03.12.2013 515.00 N MOH B-529570 1 515.00 English Books
      Fiction Central Library Central Library 12/08/2014 BBB/IN1449/07.11.2013/28/10.10.2013/03.12.2013 515.00 N MOH B-529567 1 515.00 English Books
    Not For Loan Fiction D.B.Act.Division D.B.Act.Division 14/12/2012 DBAD/PUB 515.00 N MOH EN-89982 1 515.00 English Books
      Fiction Janak Puri Janak Puri 12/08/2014 BBB/IN1449/07.11.2013/28/10.10.2013/03.12.2013 515.00 N MOH B-529569 1 515.00 English Books
      Fiction Patel Nagar Patel Nagar 12/08/2014 BBB/IN1449/07.11.2013/28/10.10.2013/03.12.2013 515.00 N MOH B-529568 1 515.00 English Books
      Fiction Shahdara Branch Shahdara Branch 12/08/2014 BBB/IN1449/07.11.2013/28/10.10.2013/03.12.2013 515.00 N MOH B-529571 1 515.00 English Books

© Delhi Public Library
Hit Counter
free hit counter